[Event "FRA-chT Top 12"]
[Site "Brest"]
[Date "2019.05.18"]
[Round "1.2"]
[White "Oleksienko, Mikhailo"]
[Black "Chabanon, Jean Luc"]
[Result "1/2-1/2"]
[WhiteElo "2595"]
[BlackElo "2437"]
[PlyCount "87"]
[EventDate "2019.05.18"]
[EventType "team-tourn"]
[EventRounds "11"]
[EventCountry "FRA"]
[SourceTitle "CBM 190 Extra"]
[Source "ChessBase"]
[SourceDate "2019.07.15"]
[SourceVersion "1"]
[SourceVersionDate "2019.07.15"]
[SourceQuality "1"]
[WhiteTeam "Grasse Echecs"]
[BlackTeam "Tours Hauts de France St Quentin"]
[WhiteTeamCountry "FRA"]
[BlackTeamCountry "FRA"]

1. e4 c6 2. d4 d5 3. e5 Bf5 4. Nf3 e6 5. Be2 Nd7 6. 0-0 h6 7. b3 Ne7 8. c4 Bg6 9. Nc3 Nf5 10. a3 Bh5 11. c5 Be7 12. b4 f6 13. Bb2 0-0 14. Ne1 Bxe2 15. Nxe2 fxe5 16. dxe5 Qe8 17. Nd3 b6 18. Nef4 Bg5 19. Nh3 bxc5 20. Nxg5 hxg5 21. bxc5 Qg6 22. Qe2 Rab8 23. Bc3 Rb3 24. Rfc1 Nd4 25. Bxd4 Qxd3 26. Qxd3 Rxd3 27. Bc3 Rb8 28. Kf1 Rb3 29. Bb4 Rb2 30. Re1 a5 31. Bxa5 Nxc5 32. Re2 Rbb3 33. Rc2 Nd7 34. Rxc6 Rxa3 35. Rxa3 Rxa3 36. Bc7 Kf7 37. Bd6 Ra7 38. g4 Rb7 39. Rc8 Nb6 40. Rf8+ Kg6 41. Re8 Kf7 42. Rf8+ Kg6 43. Re8 Kf7 44. Rf8+ 1/2-1/2

[Event "Le Port Marly rapid op"]
[Site "Le Port Marly"]
[Date "2019.01.06"]
[Round "8"]
[White "Chabanon, Jean Luc"]
[Black "Guliyev, Namig"]
[Result "0-1"]
[WhiteElo "2448"]
[BlackElo "2533"]
[PlyCount "33"]
[EventDate "2019.01.06"]
[EventType "swiss (rapid)"]
[EventRounds "9"]
[EventCountry "FRA"]
[SourceTitle "CBM 188 Extra"]
[Source "ChessBase"]
[SourceDate "2019.02.26"]
[SourceVersion "1"]
[SourceVersionDate "2019.02.26"]
[SourceQuality "1"]

1. d4 d5 2. Bf4 c5 3. c3 Nc6 4. e3 Qb6 5. Qb3 c4 6. Qc2 Bf5 7. Qxf5 Qxb2 8. Qxd5 Qxa1 9. Qb5 0-0-0 10. Bxc4 e5 11. dxe5 Bb4 12. Bd3 Bxc3+ 13. Ke2 Bxe5 14. Nd2 Bxf4 15. Qf5+ Rd7 16. Qxf4 Nge7 17. Ngf3 0-1

[Event "Francophone-ch rapid 5th"]
[Site "Cannes"]
[Date "2018.07.14"]
[Round "5"]
[White "Barbot, Pierre"]
[Black "Chabanon, Jean Luc"]
[Result "0-1"]
[WhiteElo "2420"]
[BlackElo "2451"]
[PlyCount "68"]
[EventDate "2018.07.14"]
[EventType "swiss (rapid)"]
[EventRounds "13"]
[EventCountry "FRA"]
[SourceTitle "CBM 185 Extra"]
[Source "ChessBase"]
[SourceDate "2018.07.29"]
[SourceVersion "1"]
[SourceVersionDate "2018.07.29"]
[SourceQuality "1"]

1. d4 Nf6 2. c4 e6 3. Nf3 d5 4. Bg5 h6 5. Bxf6 Qxf6 6. Nc3 c6 7. e3 Nd7 8. Be2 g6 9. e4 dxe4 10. Nxe4 Bb4+ 11. Kf1 Qf4 12. Qc2 Be7 13. g3 Qc7 14. h4 b6 15. Kg2 Bb7 16. c5 f5 17. Ned2 bxc5 18. dxc5 Nxc5 19. b4 Nd7 20. Bc4 0-0-0 21. Bxe6 Kb8 22. Rhe1 Bxb4 23. Rab1 c5 24. a3 Bxd2 25. Qxd2 Nb6 26. Qc3 Rhe8 27. Re3 f4 28. gxf4 Qxf4 29. Rbe1 Rf8 30. a4 g5 31. a5 g4 32. axb6 gxf3+ 33. Kf1 Ba6+ 34. Kg1 Rg8+ 0-1

[Event "FRA-chT Top 12"]
[Site "Brest"]
[Date "2018.05.31"]
[Round "6.4"]
[White "Chabanon, Jean Luc"]
[Black "Feller, Sebastien"]
[Result "1/2-1/2"]
[WhiteElo "2450"]
[BlackElo "2574"]
[PlyCount "28"]
[EventDate "2018.05.26"]
[EventType "team-tourn"]
[EventRounds "11"]
[EventCountry "FRA"]
[SourceTitle "EXT 2019"]
[Source "ChessBase"]
[SourceDate "2018.10.10"]
[SourceVersion "1"]
[SourceVersionDate "2018.10.10"]
[SourceQuality "1"]
[WhiteTeam "Saint Quentin"]
[BlackTeam "Metz Fischer"]
[WhiteTeamCountry "FRA"]
[BlackTeamCountry "FRA"]

1. d4 Nf6 2. c4 c6 3. Nc3 d5 4. e3 Bf5 5. Nf3 e6 6. Nh4 Be4 7. f3 Bg6 8. Qb3 Qc7 9. Bd2 Be7 10. Nxg6 hxg6 11. g3 0-0 12. Rc1 dxc4 13. Bxc4 Nbd7 14. 0-0 e5 1/2-1/2